Sight to City: Africa [pic] - Statistics

General Stats
  • This quiz has been taken 6 times
  • The average score is 8 of 16
Answer Stats
Picture Hint Answer % Correct
The Great Sphinx Giza
100%
Monument to the Lion of Judah Addis Ababa
83%
Table Mountain Cape Town
83%
National Arts Theatre Nigeria Lagos
83%
Black Star Square Accra
67%
Patrice Lumumba Statue & Limete Tower Kinshasa
67%
Monumento de Diogo Gomes Praia
67%
Sankoré Madrasa Timbuktu
67%
Martyrs' Memorial / Maqam Echahid Algiers
50%
That El Emad Towers Tripoli
50%
"Blue City" Chefchaouen
33%
_ Tusks / Pembe za Ndovu Mombasa
33%
Musée National Boubou Hama Niamey
33%
Arch 22 Banjul
0%
iTowers of Masa Square CBD Gaborone
0%
Statue and Monument of Reunification Yaoundé
0%
No matching quizzes found
Score Distribution
Percent of People with Each Score
Percentile by Number Answered
Your Score History
You have not taken this quiz